MARC

LEADER 00000nam0a2200000 4500
001 174576
005 20231101223153.0
035 |a (RuTPU)RU\TPU\book\189307 
090 |a 174576 
100 |a 20100129d1982 k y0rusy50 ca 
101 0 |a rus 
102 |a RU 
105 |a y z 001zy 
200 1 |a Одномерные обратные задачи математической физики  |f М. М. Лаврентьев, К. Г. Резницкая, В. Г. Яхно  |g Академия наук СССР (АН СССР), Сибирское отделение (СО), Вычислительный центр 
210 |a Новосибирск  |c Наука  |d 1982 
215 |a с. 88  |c ил. 
320 |a Библиогр.: с. 85-88. 
606 1 |a Математическая физика  |2 stltpush  |3 (RuTPU)RU\TPU\subj\41221  |9 61028 
610 1 |a обратные задачи 
610 1 |a решение 
610 1 |a дифференциальные уравнения 
610 1 |a линеаризованные задачи 
610 1 |a волновые задачи 
610 1 |a преобразования Лапласа 
675 |a 53:51  |v 3 
700 1 |a Лаврентьев  |b М. М.  |g Михаил Михайлович 
701 1 |a Резницкая  |b К. Г.  |g Клара Григорьевна 
701 1 |a Яхно  |b В. Г.  |g Валерий Георгиевич 
712 0 2 |a Академия наук СССР (АН СССР)  |b Сибирское отделение (СО)  |b Вычислительный центр  |c (Новосибирск)  |2 stltpush  |3 (RuTPU)RU\TPU\col\11456 
801 1 |a RU  |b 63413507  |c 20100129 
801 2 |a RU  |b 63413507  |c 20160418  |g RCR 
942 |c BK